<?xml version="1.0" encoding="UTF-8"?>
<record
    xmlns:xsi="http://www.w3.org/2001/XMLSchema-instance"
    xsi:schemaLocation="http://www.loc.gov/MARC21/slim http://www.loc.gov/standards/marcxml/schema/MARC21slim.xsd"
    xmlns="http://www.loc.gov/MARC21/slim">

  <leader>02874nam a22002537a 4500</leader>
  <controlfield tag="003">NALT</controlfield>
  <controlfield tag="005">20240929183326.0</controlfield>
  <controlfield tag="008">240818b        th ||||| |||| 00| 0 tha d</controlfield>
  <datafield tag="020" ind1=" " ind2=" ">
    <subfield code="a">9786167739847</subfield>
  </datafield>
  <datafield tag="040" ind1=" " ind2=" ">
    <subfield code="a">NALT</subfield>
  </datafield>
  <datafield tag="041" ind1=" " ind2=" ">
    <subfield code="a">tha</subfield>
  </datafield>
  <datafield tag="050" ind1=" " ind2=" ">
    <subfield code="a">H 62</subfield>
    <subfield code="b">&#xE27;849&#xE1B; 2559</subfield>
  </datafield>
  <datafield tag="100" ind1="0" ind2=" ">
    <subfield code="a">&#xE27;&#xE35;&#xE23;&#xE30;&#xE28;&#xE31;&#xE01;&#xE14;&#xE34;&#xE4C; &#xE08;&#xE31;&#xE19;&#xE17;&#xE23;&#xE4C;&#xE2A;&#xE48;&#xE07;&#xE41;&#xE2A;&#xE07;</subfield>
    <subfield code="9">15943</subfield>
  </datafield>
  <datafield tag="245" ind1="1" ind2="0">
    <subfield code="a">&#xE1B;&#xE25;&#xE38;&#xE01; &#xE1E;&#xE25;&#xE31;&#xE07; &#xE04;&#xE19;&#xE27;&#xE34;&#xE08;&#xE31;&#xE22; : </subfield>
    <subfield code="b">9 &#xE15;&#xE49;&#xE19;&#xE41;&#xE1A;&#xE1A;&#xE40;&#xE21;&#xE18;&#xE35;&#xE27;&#xE34;&#xE08;&#xE31;&#xE22;&#xE2D;&#xE32;&#xE27;&#xE38;&#xE42;&#xE2A;&#xE41;&#xE25;&#xE30;&#xE28;&#xE32;&#xE2A;&#xE15;&#xE23;&#xE32;&#xE08;&#xE32;&#xE23;&#xE22;&#xE4C;&#xE27;&#xE34;&#xE08;&#xE31;&#xE22;&#xE14;&#xE35;&#xE40;&#xE14;&#xE48;&#xE19; &#xE2A;&#xE01;&#xE27; /</subfield>
    <subfield code="c">&#xE27;&#xE35;&#xE23;&#xE30;&#xE28;&#xE31;&#xE01;&#xE14;&#xE34;&#xE4C; &#xE08;&#xE31;&#xE19;&#xE17;&#xE23;&#xE4C;&#xE2A;&#xE48;&#xE07;&#xE41;&#xE2A;&#xE07; ; &#xE2D;&#xE20;&#xE34;&#xE28;&#xE31;&#xE01;&#xE14;&#xE34;&#xE4C; &#xE18;&#xE35;&#xE23;&#xE30;&#xE27;&#xE34;&#xE2A;&#xE34;&#xE29;&#xE10;&#xE4C;, &#xE1A;&#xE23;&#xE23;&#xE13;&#xE32;&#xE18;&#xE34;&#xE01;&#xE32;&#xE23;.</subfield>
  </datafield>
  <datafield tag="250" ind1=" " ind2=" ">
    <subfield code="a">&#xE1E;&#xE34;&#xE21;&#xE1E;&#xE4C;&#xE04;&#xE23;&#xE31;&#xE49;&#xE07;&#xE17;&#xE35;&#xE48; 2.</subfield>
  </datafield>
  <datafield tag="260" ind1=" " ind2=" ">
    <subfield code="a">&#xE01;&#xE23;&#xE38;&#xE07;&#xE40;&#xE17;&#xE1E;&#xE2F; :</subfield>
    <subfield code="b">&#xE2A;&#xE33;&#xE19;&#xE31;&#xE01;&#xE07;&#xE32;&#xE19;&#xE01;&#xE2D;&#xE07;&#xE17;&#xE38;&#xE19;&#xE2A;&#xE19;&#xE31;&#xE1A;&#xE2A;&#xE19;&#xE38;&#xE19;&#xE01;&#xE32;&#xE23;&#xE27;&#xE34;&#xE08;&#xE31;&#xE22; (&#xE2A;&#xE01;&#xE27;.),</subfield>
    <subfield code="c">2559.</subfield>
  </datafield>
  <datafield tag="300" ind1=" " ind2=" ">
    <subfield code="a">119 &#xE2B;&#xE19;&#xE49;&#xE32; :</subfield>
    <subfield code="b">&#xE20;&#xE32;&#xE1E;&#xE1B;&#xE23;&#xE30;&#xE01;&#xE2D;&#xE1A; ;</subfield>
    <subfield code="c">21 &#xE0B;&#xE21;.</subfield>
  </datafield>
  <datafield tag="505" ind1="0" ind2=" ">
    <subfield code="a">&#xE08;&#xE32;&#xE01;&#xE21;&#xE19;&#xE38;&#xE29;&#xE22;&#xE4C;&#xE16;&#xE36;&#xE07;&#xE21;&#xE38;&#xE21;&#xE21;&#xE2D;&#xE07;&#xE1B;&#xE23;&#xE30;&#xE27;&#xE31;&#xE15;&#xE34;&#xE28;&#xE32;&#xE2A;&#xE15;&#xE23;&#xE4C;&#xE43;&#xE2B;&#xE21;&#xE48; : &#xE28;.&#xE14;&#xE23;.&#xE40;&#xE15;&#xE19;&#xE32; &#xE19;&#xE32;&#xE04;&#xE27;&#xE31;&#xE0A;&#xE23;&#xE30; &#xE40;&#xE27;&#xE25;&#xE32;-&#xE2A;&#xE34;&#xE48;&#xE07;&#xE21;&#xE35;&#xE04;&#xE48;&#xE32;&#xE17;&#xE35;&#xE48;&#xE40;&#xE23;&#xE32;&#xE08;&#xE30;&#xE43;&#xE2B;&#xE49;&#xE40;&#xE40;&#xE01;&#xE48;&#xE01;&#xE31;&#xE19;&#xE44;&#xE14;&#xE49; : &#xE19;&#xE31;&#xE01;&#xE1B;&#xE23;&#xE30;&#xE27;&#xE31;&#xE15;&#xE34;&#xE28;&#xE32;&#xE2A;&#xE15;&#xE23;&#xE4C;&#xE21;&#xE37;&#xE2D;&#xE2D;&#xE32;&#xE0A;&#xE35;&#xE1E; &#xE14;&#xE23;.&#xE27;&#xE34;&#xE19;&#xE31;&#xE22; &#xE1E;&#xE07;&#xE28;&#xE4C;&#xE28;&#xE23;&#xE35;&#xE40;&#xE1E;&#xE35;&#xE22;&#xE23; -- &#xE27;&#xE34;&#xE28;&#xE27;&#xE30;-&#xE01;&#xE2A;&#xE34;&#xE01;&#xE23;&#xE23;&#xE21; : &#xE28;.&#xE14;&#xE23;.&#xE2A;&#xE21;&#xE0A;&#xE32;&#xE15;&#xE34; &#xE42;&#xE2A;&#xE20;&#xE13;&#xE23;&#xE13;&#xE24;&#xE17;&#xE18;&#xE34;&#xE4C; &#xE40;&#xE17;&#xE04;&#xE42;&#xE19;&#xE42;&#xE25;&#xE22;&#xE35;&#xE40;&#xE1E;&#xE37;&#xE48;&#xE2D;&#xE2D;&#xE38;&#xE15;&#xE2A;&#xE32;&#xE2B;&#xE01;&#xE23;&#xE23;&#xE21;&#xE40;&#xE01;&#xE29;&#xE15;&#xE23;&#xE44;&#xE17;&#xE22; : &#xE28;.&#xE14;&#xE23;.&#xE2D;&#xE32;&#xE23;&#xE31;&#xE19;&#xE15;&#xE4C; &#xE1E;&#xE31;&#xE12;&#xE42;&#xE19;&#xE17;&#xE31;&#xE22; &#xE01;&#xE31;&#xE1A;&#xE07;&#xE32;&#xE19;&#xE27;&#xE34;&#xE08;&#xE31;&#xE22;&#xE40;&#xE1E;&#xE37;&#xE48;&#xE2D;&#xE01;&#xE2A;&#xE34;&#xE01;&#xE23;&#xE23;&#xE21; -- &#xE21;&#xE32;&#xE01;&#xE01;&#xE27;&#xE48;&#xE32;&#xE1E;&#xE35;&#xE48;(&#xE40;&#xE25;&#xE35;&#xE49;&#xE22;&#xE07;)&#xE40;&#xE40;&#xE25;&#xE30;&#xE17;&#xE35;&#xE48;&#xE1B;&#xE23;&#xE36;&#xE01;&#xE29;&#xE32; : &#xE28;.&#xE14;&#xE23;.&#xE2A;&#xE21;&#xE0A;&#xE32;&#xE22; &#xE27;&#xE07;&#xE28;&#xE4C;&#xE27;&#xE34;&#xE40;&#xE28;&#xE29; mentor &#xE21;&#xE32;&#xE01;&#xE01;&#xE27;&#xE48;&#xE32;&#xE1E;&#xE35;&#xE48;(&#xE40;&#xE25;&#xE35;&#xE49;&#xE22;&#xE07;)&#xE40;&#xE40;&#xE25;&#xE30;&#xE17;&#xE35;&#xE48;&#xE1B;&#xE23;&#xE36;&#xE01;&#xE29;&#xE32; : &#xE28;.&#xE14;&#xE23;.&#xE19;&#xE17;&#xE35;&#xE17;&#xE34;&#xE1E;&#xE22;&#xE4C; &#xE01;&#xE24;&#xE29;&#xE13;&#xE32;&#xE21;&#xE23;&#xE30; &#xE08;&#xE31;&#xE1A;&#xE0A;&#xE35;&#xE1E;&#xE08;&#xE23;&#xE19;&#xE31;&#xE01;&#xE27;&#xE34;&#xE08;&#xE31;&#xE22; -- &#xE2B;&#xE21;&#xE2D;&#xE17;&#xE35;&#xE48;&#xE44;&#xE21;&#xE48;&#xE44;&#xE0A;&#xE48;&#xE40;&#xE2D;&#xE32;&#xE40;&#xE40;&#xE15;&#xE48;&#xE23;&#xE31;&#xE01;&#xE29;&#xE32;&#xE04;&#xE19;&#xE44;&#xE02;&#xE49; : &#xE28;.&#xE19;&#xE1E;.&#xE20;&#xE34;&#xE40;&#xE28;&#xE01; &#xE25;&#xE38;&#xE21;&#xE1E;&#xE34;&#xE01;&#xE32;&#xE19;&#xE19;&#xE17;&#xE4C; Routine to Research &#xE08;&#xE32;&#xE01;&#xE07;&#xE32;&#xE19;&#xE1B;&#xE23;&#xE30;&#xE08;&#xE33;&#xE2A;&#xE39;&#xE48;&#xE01;&#xE32;&#xE23;&#xE27;&#xE34;&#xE08;&#xE31;&#xE22; : &#xE28;.&#xE14;&#xE23;.&#xE19;&#xE1E;. &#xE27;&#xE34;&#xE08;&#xE31;&#xE22;&#xE2B;&#xE31;&#xE27;&#xE43;&#xE08;&#xE14;&#xE49;&#xE27;&#xE22;&#xE43;&#xE08; : &#xE04;&#xE49;&#xE19;&#xE1E;&#xE1A;&#xE2A;&#xE34;&#xE48;&#xE07;&#xE43;&#xE2B;&#xE21;&#xE48;&#xE46;&#xE17;&#xE38;&#xE01;&#xE27;&#xE31;&#xE19; &#xE04;&#xE27;&#xE32;&#xE21;&#xE2A;&#xE19;&#xE38;&#xE01;&#xE43;&#xE19;&#xE07;&#xE32;&#xE19;&#xE27;&#xE34;&#xE08;&#xE31;&#xE22;&#xE02;&#xE2D;&#xE07; &#xE28;.&#xE14;&#xE23;.&#xE27;&#xE31;&#xE19;&#xE40;&#xE1E;&#xE47;&#xE0D; &#xE0A;&#xE31;&#xE22;&#xE04;&#xE33;&#xE20;&#xE32;.</subfield>
  </datafield>
  <datafield tag="650" ind1=" " ind2="4">
    <subfield code="a">&#xE19;&#xE31;&#xE01;&#xE27;&#xE34;&#xE08;&#xE31;&#xE22;</subfield>
    <subfield code="z">&#xE44;&#xE17;&#xE22;</subfield>
    <subfield code="9">10832</subfield>
  </datafield>
  <datafield tag="700" ind1="0" ind2=" ">
    <subfield code="a">&#xE2D;&#xE20;&#xE34;&#xE28;&#xE31;&#xE01;&#xE14;&#xE34;&#xE4C; &#xE18;&#xE35;&#xE23;&#xE30;&#xE27;&#xE34;&#xE2A;&#xE34;&#xE29;&#xE10;&#xE4C;</subfield>
    <subfield code="9">64588</subfield>
  </datafield>
  <datafield tag="850" ind1=" " ind2=" ">
    <subfield code="a">NALT</subfield>
  </datafield>
  <datafield tag="942" ind1=" " ind2=" ">
    <subfield code="2">lcc</subfield>
    <subfield code="c">GB</subfield>
  </datafield>
  <datafield tag="996" ind1=" " ind2=" ">
    <subfield code="a">kornsiririn.r</subfield>
    <subfield code="b">CATSTF	</subfield>
    <subfield code="c">2024-08-18</subfield>
  </datafield>
  <datafield tag="999" ind1=" " ind2=" ">
    <subfield code="c">105648</subfield>
    <subfield code="d">105648</subfield>
  </datafield>
  <datafield tag="998" ind1=" " ind2=" ">
    <subfield code="j">3099</subfield>
    <subfield code="k"> &#xE1E;&#xE23;&#xE27;&#xE34;&#xE17;&#xE39;  &#xE42;&#xE04;&#xE49;&#xE27;&#xE04;&#xE0A;&#xE32;&#xE20;&#xE23;&#xE13;&#xE4C;</subfield>
  </datafield>
  <datafield tag="952" ind1=" " ind2=" ">
    <subfield code="0">0</subfield>
    <subfield code="1">0</subfield>
    <subfield code="2">lcc</subfield>
    <subfield code="4">0</subfield>
    <subfield code="7">0</subfield>
    <subfield code="8">CSEN</subfield>
    <subfield code="a">NALT</subfield>
    <subfield code="b">NALT</subfield>
    <subfield code="c">GEN</subfield>
    <subfield code="d">2024-08-18</subfield>
    <subfield code="l">0</subfield>
    <subfield code="o">H 62 &#xE27;849&#xE1B; 2559</subfield>
    <subfield code="p">0100008149001</subfield>
    <subfield code="r">2024-08-18 00:00:00</subfield>
    <subfield code="w">2024-08-18</subfield>
    <subfield code="y">GB</subfield>
  </datafield>
</record>
